Materials challenges in alternative and renewable energy : (Record no. 355693)

000 -LEADER
fixed length control field 01643cam a22003737a 4500
001 - CONTROL NUMBER
control field 16665746
003 - CONTROL NUMBER IDENTIFIER
control field Nust- CAS-E
005 - DATE AND TIME OF LATEST TRANSACTION
control field 20180118181410.0
008 - FIXED-LENGTH DATA ELEMENTS--GENERAL INFORMATION
fixed length control field 110224s2011 njua b 101 0 eng d
010 ## - LIBRARY OF CONGRESS CONTROL NUMBER
LC control number 2011280621
020 ## - INTERNATIONAL STANDARD BOOK NUMBER
International Standard Book Number 9781118016053
020 ## - INTERNATIONAL STANDARD BOOK NUMBER
International Standard Book Number 111801605X
035 ## - SYSTEM CONTROL NUMBER
System control number (OCoLC)ocn696620804
040 ## - CATALOGING SOURCE
Original cataloging agency CAI
Transcribing agency CAI
Modifying agency YDXCP
-- DLC
042 ## - AUTHENTICATION CODE
Authentication code lccopycat
050 00 - LIBRARY OF CONGRESS CALL NUMBER
Classification number TJ807.2
Item number .E555 2010
082 00 - DEWEY DECIMAL CLASSIFICATION NUMBER
Classification number 621.042
Edition number 23
Author Mark MAT 2011
111 2# - MAIN ENTRY--MEETING NAME
Meeting name or jurisdiction name as entry element Energy 2010
Number of part/section/meeting (2nd :
Location of meeting Cocoa Beach, Fla.)
245 10 - TITLE STATEMENT
Title Materials challenges in alternative and renewable energy :
Remainder of title a collection of papers presented at the Materials Challenges in Alternative and Renewable Energy Conference February 21-24, 2010, Cocoa Beach, Florida /
Statement of responsibility, etc. edited by George Wicks ... [et al.].
260 ## - PUBLICATION, DISTRIBUTION, ETC.
Place of publication, distribution, etc. Hoboken, N.J. :
Name of publisher, distributor, etc. Wiley ;
Place of publication, distribution, etc. [Westerville, Ohio] :
Name of publisher, distributor, etc. American Ceramic Society,
Date of publication, distribution, etc. c2011.
300 ## - PHYSICAL DESCRIPTION
Extent xii, 415 p. :
Other physical details ill. ;
Dimensions 25 cm.
490 1# - SERIES STATEMENT
Series statement Ceramic transactions ;
Volume/sequential designation v. 224
502 ## - DISSERTATION NOTE
Dissertation note 0
504 ## - BIBLIOGRAPHY, ETC. NOTE
Bibliography, etc. note Includes bibliographical references and author index.
650 #0 - SUBJECT ADDED ENTRY--TOPICAL TERM
Topical term or geographic name entry element Renewable energy sources
General subdivision Materials
Form subdivision Congresses.
700 1# - ADDED ENTRY--PERSONAL NAME
Personal name Wicks, George G.
710 2# - ADDED ENTRY--CORPORATE NAME
Corporate name or jurisdiction name as entry element American Ceramic Society.
830 #0 - SERIES ADDED ENTRY--UNIFORM TITLE
Uniform title Ceramic transactions ;
Volume/sequential designation v. 224.
856 42 - ELECTRONIC LOCATION AND ACCESS
Materials specified Publisher description
Uniform Resource Identifier <a href="http://www.loc.gov/catdir/enhancements/fy1108/2011280621-d.html">http://www.loc.gov/catdir/enhancements/fy1108/2011280621-d.html</a>
856 41 - ELECTRONIC LOCATION AND ACCESS
Materials specified Table of contents only
Uniform Resource Identifier <a href="http://www.loc.gov/catdir/enhancements/fy1108/2011280621-t.html">http://www.loc.gov/catdir/enhancements/fy1108/2011280621-t.html</a>
906 ## - LOCAL DATA ELEMENT F, LDF (RLIN)
a 7
b cbc
c copycat
d 2
e ncip
f 20
g y-gencatlg
942 ## - ADDED ENTRY ELEMENTS (KOHA)
Source of classification or shelving scheme
Koha item type Book
Holdings
Withdrawn status Lost status Source of classification or shelving scheme Damaged status Not for loan Collection code Permanent Location Current Location Shelving location Date acquired Source of acquisition Coded location qualifier Total Checkouts Full call number Barcode Date last seen Price effective from Koha item type
            US-Pakistan Center for Advanced Studies in Energy (USPCAS-E) US-Pakistan Center for Advanced Studies in Energy (USPCAS-E)   11/25/2015 Victoria Co, 11000   621.042 MAT 2011 CAS-E0000750 11/25/2015 11/25/2015 Book
© 2023 Central Library, National University of Sciences and Technology. All Rights Reserved.